000 00362nam a2200133Ia 4500
008 240624s9999 xx 000 0 und d
041 _aeng
082 _a658.8 KHA
100 _aKHAN GOHAR E
245 _aSEVEN LAYERS OF SOCIAL MEDIA ANALYTICS M
260 _c2016
_aBusiness Insights from social media USA,2016
300 _a188 : p. : cm. ; 28
365 _cRS
999 _c28514
_d28514